Ancient Karnataka Vol I: history of tuluva (Record no. 215128)
[ view plain ]
| 000 -LEADER | |
|---|---|
| fixed length control field | 00636nam a2200217Ia 4500 |
| 003 - CONTROL NUMBER IDENTIFIER | |
| control field | OSt |
| 005 - DATE AND TIME OF LATEST TRANSACTION | |
| control field | 20241109104549.0 |
| 008 - FIXED-LENGTH DATA ELEMENTS--GENERAL INFORMATION | |
| fixed length control field | 210719s1936 xx 000 0 und d |
| 040 ## - CATALOGING SOURCE | |
| Transcribing agency | AL |
| 041 ## - LANGUAGE CODE | |
| Language code of text/sound track or separate title | eng |
| 082 ## - DEWEY DECIMAL CLASSIFICATION NUMBER | |
| Classification number | 954.871 SALA |
| 100 ## - MAIN ENTRY--PERSONAL NAME | |
| Personal name | SALETORE (Bhasker Anand) |
| 9 (RLIN) | 183649 |
| 245 ## - TITLE STATEMENT | |
| Title | Ancient Karnataka Vol I: history of tuluva |
| 260 ## - PUBLICATION, DISTRIBUTION, ETC. | |
| Place of publication, distribution, etc. | Poona |
| Name of publisher, distributor, etc. | Oriental Books |
| Date of publication, distribution, etc. | 1936 |
| 300 ## - PHYSICAL DESCRIPTION | |
| Extent | vii,659 |
| Other physical details | HB |
| 440 ## - SERIES STATEMENT/ADDED ENTRY--TITLE | |
| Title | Poona oriental series no.53 |
| Volume/sequential designation | 1 |
| 9 (RLIN) | 183650 |
| 650 ## - SUBJECT ADDED ENTRY--TOPICAL TERM | |
| Topical term or geographic name entry element | South Kanara /South Canara |
| 9 (RLIN) | 183651 |
| 650 ## - SUBJECT ADDED ENTRY--TOPICAL TERM | |
| Topical term or geographic name entry element | Karnataka History |
| 9 (RLIN) | 183652 |
| 906 ## - LOCAL DATA ELEMENT F, LDF (RLIN) | |
| a | Ancient ; history ; Karnataka: ; of ; tuluva |
| 942 ## - ADDED ENTRY ELEMENTS (KOHA) | |
| Source of classification or shelving scheme | Dewey Decimal Classification |
| Koha item type | Book |
| Withdrawn status | Lost status | Source of classification or shelving scheme | Damaged status | Not for loan | Home library | Current library | Date acquired | Total Checkouts | Full call number | Barcode | Date last seen | Price effective from | Koha item type |
|---|---|---|---|---|---|---|---|---|---|---|---|---|---|
| Dewey Decimal Classification | Restricted Book | St Aloysius Library | St Aloysius Library | 12/22/2009 | 954.871 SALA | D03744 | 07/19/2021 | 07/19/2021 | Donated Books |